Responses for Show #3233 - Wednesday, September 30, 1998

Carolyn White game 2.

Contestants

[<< previous game]

Bob Phillips, a construction worker from Tucson, Arizona

Lorraine Berry, a writer from Ithaca, New York

Carolyn White, a retired management consultant from Tucson, Arizona (whose 1-day cash winnings total $8,000)

[next game >>]

Jeopardy! Round responses

1928
UR IN URUGUAY
WORD ORIGINS
SWEET AD LINES
ROCK & ROLL JEOPARDY!
(Alex: And in case you're not familiar with it, there is a Rock & Roll Jeopardy! program on the air)
GOING BANANAS
    $100 11
Amelia Earhart

Bob
    $100 14
Montevideo

Carolyn
    $100 6
Sugar

Bob
    $100 23
Kentucky Fried Chicken (KFC)

Bob
    $100 1
Natalie Merchant

Carolyn
    $100 21
Banana bread

Carolyn
    $200 12
(Bob: Who is Franklin Roosevelt?)

Herbert Hoover

LorraineBob
    $200 15
Soccer (Futbol)

Bob
    $200 7
Genoa

Carolyn
    $200 24
Maxwell House

Bob
    $200 2
David Bowie

Carolyn
    $200 22
(Bob: What is the second banana?)

top banana

LorraineBob
    $300 13
Chrysler

Carolyn
    $300 18
Gauchos

Carolyn
    $300 8
Nostalgia

Carolyn
    $300 25
(we have less than a minute to go...)

Miller Lite

Carolyn
    $300 3
Jackson Browne

Lorraine
    $300 30
Rum

Lorraine
    $400 16
"Coming Of Age In Samoa"

Bob
    $400 19
Red

Bob
    $400 9
Xylophone

Lorraine
    $400 26
Prudential

Carolyn
    $400 4
(B: What is "Daniel?")

"Circle Of Life"

LorraineBob
    $400 29
"The Banana-Boat Song"

Lorraine
    $700 17
(Bob: What is "The Lion of Judah"?)

Ras Tafari

Bob
    $500 20
(Lorraine: What is an emu?)

a rhea

CarolynLorraine
    $500 10
Tomboy

Bob
    $500 27
"R-O-L-A-I-D-S" (Rolaids)

Lorraine
    $500 5
Flea

Lorraine
    $500 28
Carmen Miranda

Lorraine

Scores at the first commercial break (after clue 15):

Carolyn Lorraine Bob
$1,200 $1,800 $300

Scores at the end of the Jeopardy! Round:

Carolyn Lorraine Bob
$2,800 $3,200 $500

Double Jeopardy! Round responses

OPERA & BALLET
U.S. STAMPS
CHILLING TALES
PLAYING POLITICS
BEWITCHING CINEMA
DON'T BE AN "ASS"
    $200 11
a snake

Bob
    $200 2
Jack Kemp

Carolyn
    $200 1
Ursula

Lorraine
    $200 3
the assembly line

Lorraine
    $400 12
Amontillado

Bob
    $400 6
Jesse Helms

Bob
    $400 4
Bette Midler

Lorraine
    $400 10
(Carolyn: What is a mass murderer?)

assassin (John Wilkes Booth)

Carolyn
Triple Stumper
    $600 23
Susan B. Anthony

Carolyn
    $600 13
"The Killers"

Triple Stumper
    $600 7
Albert Gore, Sr.

Lorraine
    $600 5
(Alex: With Jimmy Stewart and Kim Novak.)

Bell, Book & Candle

Bob
    $600 15
The Association

Bob
    $1,000 25
(Carolyn: [No response])
...
[The end-of-round signal sounds.]

Don Quixote

Carolyn
    $800 22
(Alex: Less than a minute to go in the round.)

Soyuz

Bob
    $2,000 19
"The Lottery"

Carolyn
    $800 14
John Heinz

Lorraine
    $800 8
Bedknobs and Broomsticks

Lorraine
    $800 17
Assyria

Carolyn
    $1000 24
Pinkerton

Triple Stumper
    $1000 21
Daniel Boone

Carolyn
    $1000 20
Franz Kafka

Bob
    $1000 16
Barry Goldwater

Lorraine
    $1000 9
mice

Lorraine
    $1000 18
assonance

Carolyn

Scores at the end of the Double Jeopardy! Round:

Carolyn Lorraine Bob
$7,000 $8,200 $4,500

[wagering suggestions for these scores]

Final Jeopardy! Round responses

THE 1980s
(Alex: What a decade!)
BobWhat is Panama
$0
CarolynWhat is Panama
$7,000
LorraineWhat is Somalia?
$6,000
Panama

Final scores:

Carolyn Lorraine Bob
$14,000 $2,200 $4,500
2-day champion: $22,000 3rd place: Jaguar Friendship Watches 2nd place: Trip to the Colony Resort, Longboat Key, Florida

Game dynamics:

Coryat scores:

Carolyn Lorraine Bob
$6,800 $8,200 $5,200
17 R
(including 1 DD),
2 W
(including 1 DD)
18 R,
1 W
15 R,
4 W
(including 1 DD)

Combined Coryat: $20,200

[game clues] [game scores] [suggest correction]

Game tape date: 1998-07-22
The J! Archive is created by fans, for fans. Scraping, republication, monetization, and malicious use prohibited; this site may use cookies and collect identifying information. See terms. The Jeopardy! game show and all elements thereof, including but not limited to copyright and trademark thereto, are the property of Jeopardy Productions, Inc. and are protected under law. This website is not affiliated with, sponsored by, or operated by Jeopardy Productions, Inc. Join the discussion at JBoard.tv.